| 000 | 00798nam a22002657a 4500 | ||
|---|---|---|---|
| 001 | 0011602 | ||
| 003 | DO-SdBNP | ||
| 005 | 20161017113133.0 | ||
| 007 | 0011602 | ||
| 008 | 161010b 2006 sp||||| |||| 00| 0 spa d | ||
| 020 | _a9788449415340 | ||
| 040 |
_aBPMSU _bspa _cBPMSU |
||
| 082 |
_aR 463.1 _bD545o |
||
| 245 |
_aDiccionario océano de sinónimos y antónimos / _ceditor Carlos Gispert |
||
| 260 | 0 |
_aBaarcelona : _bOceano, _c2000-2008 |
|
| 300 |
_a1024 p. : _c26 cm. _e+ CD-ROM |
||
| 500 | _aIncluye CD- Rom | ||
| 650 | 4 |
_aESPAÑOL _xSINONIMOS Y ANTONIMOS _vDICCIONARIOS |
|
| 700 | 1 | 2 |
_aGispert, Carlos, _eed. |
| 700 | 1 |
_aGárriz, José, _edir. ejec. |
|
| 710 | _aOCÉANO | ||
| 910 | _aValidado. Control de calidad MFF | ||
| 942 |
_2ddc _cBK |
||
| 956 |
_aBTAVÁREZ _b10 _c20161010 _d0011602 |
||
| 999 |
_c11514 _d11514 |
||